000 00594nam a2200205Ia 4500
005 20250923145828.0
008 008 250917s9999 xx 000 0 eng d
037 _aTextual
040 _aDSWL
_beng
_cDSWL
041 _aeng
_2eng
084 _aYX,Z1-z4;5, N87
_qDSWL
100 _aWolfe, D.A.
_9839353
245 0 _aChild abuse: implications for child development and psychopathology
_c by D.A. Wolfe
260 _aNew Delhi
_bSage
_c1987
300 _a156p.
365 _aUSD
_b12.95
925 _g12.95
942 _cTEXL
_hYX,Z1-z4;5, N87
999 _c1456195
_d1456195